Cặp vòng mây
Nội dung quyển sách giới thiệu một số truyện ngắn của Nguyễn Thiên Ngân
Saved in:
| Main Author: | |
|---|---|
| Format: | Book |
| Language: | Undetermined |
| Published: |
Thành phố Hồ Chí Minh
Văn hóa Sài Gòn
2006
|
| Subjects: | |
| Tags: |
Add Tag
No Tags, Be the first to tag this record!
|
| Institutions: | Trung tâm Học liệu Trường Đại học Cần Thơ |
|---|
| LEADER | 00681nam a2200205Ia 4500 | ||
|---|---|---|---|
| 001 | CTU_118730 | ||
| 008 | 210402s9999 xx 000 0 und d | ||
| 020 | |c 14000 | ||
| 082 | |a 895.922331 | ||
| 082 | |b Ng121 | ||
| 100 | |a Nguyễn, Thiên Ngân | ||
| 245 | 0 | |a Cặp vòng mây | |
| 245 | 0 | |c Nguyễn Thiên Ngân | |
| 260 | |a Thành phố Hồ Chí Minh | ||
| 260 | |b Văn hóa Sài Gòn | ||
| 260 | |c 2006 | ||
| 520 | |a Nội dung quyển sách giới thiệu một số truyện ngắn của Nguyễn Thiên Ngân | ||
| 650 | |a Vietnamese fiction | ||
| 904 | |i Hiếu | ||
| 980 | |a Trung tâm Học liệu Trường Đại học Cần Thơ | ||